Pakistan / (Record no. 15174)

000 -LEADER
fixed length control field 01549cam a2200349 a 4500
001 - CONTROL NUMBER
control field 16730363
005 - DATE AND TIME OF LATEST TRANSACTION
control field 20170105102912.0
008 - FIXED-LENGTH DATA ELEMENTS--GENERAL INFORMATION
fixed length control field 110411s2011 caub b 001 0 eng
010 ## - LIBRARY OF CONGRESS CONTROL NUMBER
LC control number 2011013500
020 ## - INTERNATIONAL STANDARD BOOK NUMBER
International Standard Book Number 9780313346972 (hbk. : acidfree paper)
020 ## - INTERNATIONAL STANDARD BOOK NUMBER
International Standard Book Number 9780313346989 (ebk.)
035 ## - SYSTEM CONTROL NUMBER
System control number (OCoLC)ocn712983498
040 ## - CATALOGING SOURCE
Original cataloging agency DLC
Transcribing agency DLC
Modifying agency IG#
-- YDXCP
-- DLC
043 ## - GEOGRAPHIC AREA CODE
Geographic area code a-pk---
050 00 - LIBRARY OF CONGRESS CALL NUMBER
Classification number UA853.P3
Item number H387 2011
082 00 - DEWEY DECIMAL CLASSIFICATION NUMBER
Classification number 355/.03305491
Edition number 22
100 1# - MAIN ENTRY--PERSONAL NAME
Personal name Hasnat, Syed Farooq.
245 10 - TITLE STATEMENT
Title Pakistan /
Statement of responsibility, etc. Syed Farooq Hasnat.
260 ## - PUBLICATION, DISTRIBUTION, ETC.
Place of publication, distribution, etc. Santa Barbara, Calif. :
Name of publisher, distributor, etc. Praeger,
Date of publication, distribution, etc. c2011.
300 ## - PHYSICAL DESCRIPTION
Extent viii, 211 p. :
Other physical details maps ;
Dimensions 25 cm.
490 1# - SERIES STATEMENT
Series statement Global security watch
504 ## - BIBLIOGRAPHY, ETC. NOTE
Bibliography, etc. note Includes bibliographical references (p. [197]-202) and index.
505 0# - FORMATTED CONTENTS NOTE
Formatted contents note Strategic concerns of Pakistan : an overview -- Pakistan's strategic location -- Domestic security issues : challenges of building stable institutions -- Balochistan : tribes, issues and discontentment -- Pakistan under siege : extremism, militancy and emergence of terror outfits -- War for Waziristan -- A triangular of security concerns : Pakistan, U.S. and Afghanistan -- Chronology.
650 #0 - SUBJECT ADDED ENTRY--TOPICAL TERM
Topical term or geographic name entry element National security
Geographic subdivision Pakistan.
651 #0 - SUBJECT ADDED ENTRY--GEOGRAPHIC NAME
Geographic name Pakistan
General subdivision Foreign relations.
651 #0 - SUBJECT ADDED ENTRY--GEOGRAPHIC NAME
Geographic name Pakistan
General subdivision Strategic aspects.
651 #0 - SUBJECT ADDED ENTRY--GEOGRAPHIC NAME
Geographic name Pakistan
General subdivision Politics and government
Chronological subdivision 21st century.
830 #0 - SERIES ADDED ENTRY--UNIFORM TITLE
Uniform title Global security watch series.
906 ## - LOCAL DATA ELEMENT F, LDF (RLIN)
a 7
b cbc
c orignew
d 1
e ecip
f 20
g y-gencatlg
942 ## - ADDED ENTRY ELEMENTS (KOHA)
Source of classification or shelving scheme
Koha item type Book
Holdings
Withdrawn status Lost status Damaged status Not for loan Collection code Permanent Location Current Location Shelving location Date acquired Total Checkouts Full call number Barcode Date last seen Price effective from Koha item type
          Centre for International Peace & Stability (CIPS) Centre for International Peace & Stability (CIPS) General Stacks 09/30/2013   355.03305491 HAS 2011 CIPS0001272 11/07/2013 11/07/2013 Book
© 2023 Central Library, National University of Sciences and Technology. All Rights Reserved.